[Event "Mittelfranken-chTB2a 1920"]
[Site "Mittelfranken"]
[Date "2019.12.01"]
[Round "3.6"]
[White "Dorner, Hans"]
[Black "Nazaruk, Alexander"]
[Result "1-0"]
[WhiteElo "1668"]
[BlackElo "1221"]
[PlyCount "43"]
[EventDate "2019.10.13"]
[EventType "team-tourn"]
[EventRounds "9"]
[EventCountry "GER"]
[SourceTitle "EXT 2023"]
[Source "ChessBase"]
[SourceDate "2022.10.05"]
[SourceVersion "1"]
[SourceVersionDate "2022.10.05"]
[SourceQuality "1"]
[WhiteTeam "Heideck/Hilpoltstein II"]
[BlackTeam "Dombuehl"]
[WhiteTeamCountry "GER"]
[BlackTeamCountry "GER"]

1. e4 e6 2. d4 d5 3. Nc3 c5 4. e5 Nc6 5. Bb5 a6 6. Bxc6+ bxc6 7. Nf3 cxd4 8. Nxd4 Qc7 9. Nf3 Bb4 10. Bd2 Ne7 11. 0-0 Ng6 12. Nxd5 cxd5 13. Bxb4 Nxe5 14. Nxe5 Qxe5 15. Re1 Qf5 16. Qd4 f6 17. Qc5 Kf7 18. Re3 g5 19. Rf3 Qe5 20. Bc3 Qf5 21. Rxf5 exf5 22. Qxd5+ 1-0

[Event "Mittelfranken-chTB2a 1920"]
[Site "Mittelfranken"]
[Date "2019.11.03"]
[Round "2.7"]
[White "Weissmann, Peter"]
[Black "Nazaruk, Alexander"]
[Result "1-0"]
[WhiteElo "1579"]
[BlackElo "1221"]
[PlyCount "75"]
[EventDate "2019.10.13"]
[EventType "team-tourn"]
[EventRounds "9"]
[EventCountry "GER"]
[SourceTitle "EXT 2023"]
[Source "ChessBase"]
[SourceDate "2022.10.05"]
[SourceVersion "1"]
[SourceVersionDate "2022.10.05"]
[SourceQuality "1"]
[WhiteTeam "Fuerth SG II"]
[BlackTeam "Dombuehl"]
[WhiteTeamCountry "GER"]
[BlackTeamCountry "GER"]

1. e4 e6 2. d4 d5 3. Nc3 Bb4 4. e5 c5 5. Nf3 Nc6 6. Be3 cxd4 7. Bxd4 Nge7 8. a3 Ba5 9. b4 Bc7 10. Bb5 a6 11. Bxc6+ bxc6 12. 0-0 0-0 13. Bc5 Bb6 14. Na4 Ba7 15. Nd4 Re8 16. Bxe7 Qxe7 17. Nxc6 Qc7 18. Nxa7 Rxa7 19. Qd4 Bd7 20. Nc5 Bb5 21. Rfe1 Bc4 22. Nb3 Rc8 23. Na5 Qd7 24. Re3 Rac7 25. a4 Qe7 26. c3 Qd7 27. Ra3 Rb8 28. Rg3 Be2 29. Qd2 Bc4 30. Qg5 g6 31. Qh6 Be2 32. Rh3 Bh5 33. g4 Rxb4 34. cxb4 Rc2 35. gxh5 Qa7 36. Raf3 Qd4 37. hxg6 Qg4+ 38. Rhg3 1-0